| 000 | 00393nam a2200157Ia 4500 | ||
|---|---|---|---|
| 008 | 230917s9999||||xx |||||||||||||| ||und|| | ||
| 020 | _cRS250 | ||
| 040 |
_e3977 _aMAIN |
||
| 041 | _aEnglish | ||
| 082 | _a301.412 S52W | ||
| 100 | _aStiftung, Friendrich Ebert | ||
| 245 | 0 | _aWomen in politics: Forms and processes | |
| 260 |
_aNew Delhi _bHar-Anand _c1993 |
||
| 300 | _a199 p. | ||
| 942 | _cBK | ||
| 999 |
_c76957 _d76957 |
||